Guess the lyrics (#72) - Statistics

General Stats
  • This quiz has been taken 121 times
  • The average score is 116 of 218
Answer Stats
Answer % Correct
I
99%
a
97%
the
95%
The
95%
you
93%
You
93%
we
88%
We
88%
be
86%
your
86%
and
85%
And
85%
in
84%
to
84%
it
83%
love
83%
do
81%
Go
80%
me
80%
my
79%
can
78%
on
74%
there
74%
of
70%
no
69%
They
69%
they
69%
had
68%
see
68%
See
68%
that
67%
have
66%
You're
66%
can't
65%
for
65%
heart
63%
what
63%
all
61%
are
61%
it's
59%
Don't
58%
us
56%
I'm
55%
how
53%
as
51%
will
51%
with
51%
But
50%
every
48%
down
45%
I'll
44%
one
44%
out
44%
never
43%
just
42%
make
42%
Make
42%
There's
42%
head
40%
mine
40%
Think
40%
beat
38%
Now
37%
I've
36%
deep
34%
things
34%
feeling
33%
leave
33%
won't
33%
You'll
33%
could've
32%
gonna
32%
keep
31%
Rolling
31%
fire
30%
dark
28%
inside
28%
look
28%
told
28%
hands
26%
wish
26%
almost
25%
back
25%
help
25%
into
25%
soul
25%
Baby,
24%
clear
24%
remind
24%
played
23%
starting
23%
ahead
22%
crystal
21%
fever
21%
Reaching
21%
burn
20%
home
20%
piece
20%
bringing
19%
Finally
19%
find
19%
pitch,
18%
pitch
18%
scars
18%
story
17%
underestimate
17%
thinking
16%
Turn
14%
breathless
13%
despair
13%
lay
13%
met
13%
bare
12%
depths
12%
fall
12%
open
12%
through
12%
door
11%
sell
11%
heard
9%
reap
9%
sure
9%
Throw
9%
ship
8%
sow
8%
Tears
8%
blessings
7%
Count
7%
kind
7%
shared
7%
treasured
6%
gold
5%
sorrow
5%
pay
3%
No matching quizzes found
Score Distribution
Percent of People with Each Score
Percentile by Number Answered
Your Score History
You have not taken this quiz